00441 2200181 4500001002100000005001500021035002000036008004100056245004600097100001700143250000600160260003400166300001100200084001400211082000800225650001400233990001200247INLIS00000000000022520240502023918 a0010-0424000201240502 0 ind 1 aBermain Sulap : Trik Kartu /cJoe Fullman aFullman, Joe a1 aSolo :bTiga Serangkai,c2009 a32 hlm a600 JOE b a600 4aNon Fiksi a0732429